000 01400nam0a22002651 4500
001 rc\2218182
005 20260407082920.0
035 _a(NLR Aleph) 006494792
090 _a6169935
_c6169935
100 _a20110829d1978 |||y0rusy50 ca
101 0 _arus
102 _aRU
105 _aa z |||||
200 1 _aПрогноз и оконтуривание залежей в карбонатных коллекторах по комплексу наземных геолого-геофизических данных с помощью программы ПОИСК
_fВДНХ СССР, М-во геологии СССР, ВНИИ экономики минер. сырья и геол.-развед. работ (ВИЭМС). Отрасл. центр науч.-техн. информ., НПО "Союзгеофизика"
_g[Ю.В. Хоменюк, Р.В. Сучкова, В.В. Манина и др.]
210 _a[Москва]
_cВИЭМС
_d1978
215 _a8 с.
_cил.
_d30
701 1 _aСучкова
_bР.В.
701 1 _aМанина
_bВ.В.
701 1 _aХоменюк
_bЮ.В.
_gЮрий Владимирович
712 0 2 _aВНИИ экономики минерального сырья и геологоразведочных работ
_3RU\NLR\AUTH\888989
_9290479
801 0 _aRU
_bNLR
_gpsbo
801 1 _aRU
_bELAR
_2rusmarc
852 _aNLR
_j77-9/136
942 _cBOOK
980 _aNB